| 000 | 01052nas a2200337 4500 | ||
|---|---|---|---|
| 001 | BR2019001072 | ||
| 003 | BR-BrBNA | ||
| 005 | 20231205131754.0 | ||
| 007 | ta | ||
| 008 | 230509b bl.|||p| |||| 00| 00por d | ||
| 040 |
_aBR-BrBNA _bpor _cBiblioteca Nacional de Agricultura |
||
| 041 | _a(Pt) | ||
| 072 | _aH20; F30 | ||
| 100 | 1 | _aPinto, S.S. | |
| 100 | 1 | _aLopes, R. | |
| 100 | 1 | _aCunha, R.N.V. da | |
| 100 | 1 | _aSantos Filho, L.P. dos | |
| 100 | 1 | _aMoura, J.I.L. | |
| 245 | 1 | _aProdução e composição de cachos e incidência do anel vermelho em híbridos interespecíficos de caiaué com dendezeiro no sul da Bahia | |
| 650 | _aELAEIS OLEIFERA | ||
| 650 | _aELAEIS GUINEENSIS | ||
| 650 | _aCAIAUÉ | ||
| 650 | _aDENDÊ | ||
| 650 | _aÓLEO VEGETAL | ||
| 650 | _aDOENÇA DE PLANTA | ||
| 650 | _aANEL VERMELHO | ||
| 773 | 0 |
_tAgrotrópica (Brazil) _xISSN 0103-3816 _g(Jan-Apr 2019), v. 31(1) p. 5-16 _wBR2019001072 |
|
| 856 | 4 | 0 | _dLink DSPACE/MAPA BR2019001072 |
| 909 |
_a202311 _bLúcia _c55 _dLúcia Elande |
||
| 942 |
_2AGRIS _n0 _cANA |
||
| 999 |
_c256601 _d256601 |
||